Locos de verano

Guardat en:
Dades bibliogràfiques
Autor principal: Laferrére, Gregorio de
Format: Llibre
Idioma:Undetermined
Publicat: Buenos Aires, Argentina Huemul 1966
Matèries:
Etiquetes: Afegir etiqueta
Sense etiquetes, Sigues el primer a etiquetar aquest registre!

MARC

LEADER 00000nam a2200000Ia 4500
008 170316s9999 xx 000 0 und d
040 |a cru BVZT 
090 |a 860 L-2L 
100 |a Laferrére, Gregorio de 
245 |a Locos de verano 
260 |a Buenos Aires, Argentina 
260 |b Huemul 
260 |c 1966 
300 |a 173 páginas 
650 |a LITERATURA LATINOAMERICANA 
999 |c 8884  |d 8884 
942 |c 15 D  |h 860 L-2L  |2 z